| 000 | 00807nam a22002777a 4500 | ||
|---|---|---|---|
| 008 | 130620b xxu||||| |||| 00| 0 eng d | ||
| 020 | _a81-219-0639-3 | ||
| 024 | _cAvailable | ||
| 037 | _cAvailable | ||
| 040 |
_aMBSTU LIBRARY _dMBSTU LIBRARY |
||
| 082 |
_222 _a515.9 NAT |
||
| 100 | _aNarayan , Shanti. | ||
| 110 | _aP.K. Mittal. | ||
| 245 | _aTheory of functions of a complex variable. | ||
| 250 | _a1st | ||
| 260 |
_aNew Delhi _bS.Chand and Company. _c1956 |
||
| 300 |
_a24 cm. _bxix, 627 page _f5 _g24 cm. |
||
| 600 | _2Complex variable - functions. | ||
| 650 | _2Complex variable - functions. | ||
| 700 | _aNarayan , Shanti. | ||
| 710 | _aP.K. Mittal. | ||
| 270 |
_aNew Delhi _bNew Delhi _dIndia |
||
| 365 |
_b315.00 _d315.00 |
||
| 942 |
_2ddc _cBK |
||
| 999 |
_c515 _d515 |
||